Đối mặt với lạm phát : Tuyển tập các bài viết về lạm phát ở Việt Nam trên Thời báo kinh tế Sài Gòn

Cuốn sách "Đối mặt với lạm phát" là một cái nhìn toàn cảnh về diễn biến lạm phát, một sự phân tích từ nhiều góc độ của các chuyên gia kinh tế về các hậu quả, tác động của lạm phát trên các lĩnh vực cũng như tham gia đề xuất...

وصف كامل

محفوظ في:
التفاصيل البيبلوغرافية
التنسيق: كتاب
اللغة:Undetermined
منشور في: Thành phố Hồ Chí Minh Trẻ 2008
الموضوعات:
الوسوم: إضافة وسم
لا توجد وسوم, كن أول من يضع وسما على هذه التسجيلة!
Thư viện lưu trữ: Trung tâm Học liệu Trường Đại học Cần Thơ
LEADER 01186nam a2200217Ia 4500
001 CTU_155846
008 210402s9999 xx 000 0 und d
020 |c 57000 
082 |a 332.41 
082 |b Đ452 
245 0 |a Đối mặt với lạm phát : 
245 0 |b Tuyển tập các bài viết về lạm phát ở Việt Nam trên Thời báo kinh tế Sài Gòn 
245 0 |c Nhiều tác giả 
260 |a Thành phố Hồ Chí Minh 
260 |b Trẻ 
260 |c 2008 
520 |a Cuốn sách "Đối mặt với lạm phát" là một cái nhìn toàn cảnh về diễn biến lạm phát, một sự phân tích từ nhiều góc độ của các chuyên gia kinh tế về các hậu quả, tác động của lạm phát trên các lĩnh vực cũng như tham gia đề xuất các biện pháp chống lạm phát. 
650 |a Inflation (Finance),Economic policy,Lạm phát,Chính sách kinh tế 
650 |z Vietnam,Vietnam,Việt Nam,Việt Nam 
904 |i Duyên (lthieu) 
980 |a Trung tâm Học liệu Trường Đại học Cần Thơ